000 00762nam a2200181Ia 4500
008 100920s9999 xx 000 0 und d
082 _b37368
_a320 थ 77
100 _aभोळे भास्कर लक्ष्मण.
245 _aनवी घटनादुरुस्ती : अन्वय आणि अर्थ.
260 _bअमेय प्रकाशन, नागपूर 2.
_c1977
300 _a96
_bसाधी
365 _b7.5
520 _aराजकारण.
630 _aनवी घटनादुरुस्ती : अन्वय आणि अर्थ.
650 _aराजकारण.
730 _aनवी घटनादुरुस्ती : अन्वय आणि अर्थ.
942 _cBOOK
999 _c689966
_d689963